Eroi MCU - Statistics

Statistiche generali
  • Questo quiz è stato fatto 38 volte
  • Il punteggio medio è 18 su 24
Statistiche sulle risposte
Prima Apparizione Risposta % Corretto
Own film Iron Man
100%
Civil War Spiderman
100%
Own Film Captain America
97%
Own Film Thor
97%
Own Film Ant Man
94%
Own Film Hulk
94%
Iron Man Vedova Nera
92%
Age of Ultron Wanda Maximoff
83%
Antman 2 Wasp
81%
Guardiani della Galassia Groot
78%
Civil War Black Panther
69%
Guardiani della Galassia Gamora
69%
Age of Ultron Visione
69%
Thor Occhio di Falco
67%
Guardiani della Galassia Star Lord
67%
Guardiani della Galassia Rocket Raccon
64%
Own Film Doctor strange
61%
Captain America 2 Falcon
61%
Captain America 2 Soldato d'Inverno
61%
Own Film Captain Marvel
58%
Guardiani della Galassia Drax
56%
Guardiani della Galassia Nebula
50%
Guardiani della Galassia Vol. 2 Mantis
47%
Iron Man 2 War Machine
44%
Nessun quiz corrispondente trovato
Distribuzione punteggi
Percentuale di utenti per punteggio
Percentile per numero di risposta
I tuoi punteggi nel tempo
Non hai fatto questo quiz